Estratégia de pares para la capacitación (Record no. 8058)

MARC details
000 -LEADER
campo de control de longitud fija 00404nam a2200133Ia 4500
001 - NÚMERO DE CONTROL
campo de control 3050
008 - DATOS DE LONGITUD FIJA--INFORMACIÓN GENERAL
campo de control de longitud fija 241024s9999 xx 000 0 und d
082 ## - NÚMERO DE LA CLASIFICACIÓN DECIMAL DEWEY
Número de clasificación RD/618.07/R426e
100 ## - ENTRADA PRINCIPAL--NOMBRE DE PERSONA
Nombre de persona República Dominicana.Ministerio de Educación. MINERD
245 #0 - MENCIÓN DEL TÍTULO
Título Estratégia de pares para la capacitación
260 ## - PUBLICACIÓN, DISTRIBUCIÓN, ETC.
Nombre del editor, distribuidor, etc. Santo Domingo, República Dominicana
Fecha de publicación, distribución, etc. 2012
901 ## - ELEMENTOS DE DATOS A LOCAL LDA (RLIN)
a 23/7/2013 9:27:58 a.m.

No items available.

© 2024. Todos los Derechos Reservados. Desarrollado por IDEICE